Znalostný audit ako prvá fáza implementácie manažmentu znalostí
Fázy znalostného auditu. Implementácia konceptu manažmentu znalostí do praxe. Dôvody realizácie znalostného auditu. Znalostný audit ako výskum. Metodológia tvorby znalostného auditu. Analýza znalostných potrieb. Mapovanie znalostí a tvorba znalostnej mapy.
Enregistré dans:
| Auteur principal: | |
|---|---|
| Format: | Chapitre de livre |
| Langue: | slovaque |
| Sujets: | |
| Tags: |
Pas de tags, Soyez le premier à ajouter un tag!
|
MARC
| LEADER | 00000naa$a2200000$$$4500 | ||
|---|---|---|---|
| 001 | 0113694 | ||
| 005 | 20221128083033.7 | ||
| 041 | 0 | |a slo | |
| 044 | |a SK | ||
| 245 | 1 | 0 | |a Znalostný audit ako prvá fáza implementácie manažmentu znalostí |c Marcela Katuščáková |
| 520 | |a Fázy znalostného auditu. Implementácia konceptu manažmentu znalostí do praxe. Dôvody realizácie znalostného auditu. Znalostný audit ako výskum. Metodológia tvorby znalostného auditu. Analýza znalostných potrieb. Mapovanie znalostí a tvorba znalostnej mapy. | ||
| 610 | 2 | 0 | |a kapitál intelektuálny |
| 610 | 2 | 0 | |a audit |
| 610 | 2 | 0 | |a riadenie znalostí |
| 610 | 2 | 0 | |a manažment |
| 610 | 2 | 0 | |a diagnostika podniková |
| 610 | 2 | 0 | |a inventár |
| 100 | 1 | |a Katuščáková, Marcela | |